| 000 | 00646nam a2200181 i 4500 | ||
|---|---|---|---|
| 001 | 113270 | ||
| 003 | ES-MaACL | ||
| 005 | 20230906185826.0 | ||
| 007 | t| | ||
| 008 | 030201q19001980xxk ||||1| eng d | ||
| 080 | _a22 | ||
| 130 | 0 |
_aBiblia. _lInglés. _9119286 |
|
| 245 | 1 | 4 |
_aThe Holy Bible, containing the Old and the New Testaments / _ctranslated out of the original tongues: and with the former tranlations diligently compared and revised... |
| 260 |
_aLondon : _bBritish and Foreing Bible Society, _c[19-?] |
||
| 300 |
_a1277 p. ; _c18 cm. |
||
| 500 | _aBiblioteca Jacinto Martínez Lacalle. | ||
| 852 |
_aES-MaACL _jE-11619 _bR.139642 |
||
| 999 |
_c113270 _d113270 |
||